00712nam a2200241 a 4500001001300000003000900013005001700022008004100039020001000080082001300090100002200103245008100125260002300206300000900229500003500238505001700273650001500290700002200305902000800327942000700335952011300342999001500455nice12345678IN_TiNIC20260116011843.0050524s1958 lona grp 000 0 eng  ac10000a253bMOO aMoorman, John R H aCurate of Soulsb Being a Collection Writings on the Nature and Work of Prie aLondonbSpckc1958 a237p aincludes index and biblioraphy2 aBibliography aPastoralia1 aMoorman, John R H bSRS cBK 001040708StackRoom-aHMIbHMId2007-07-10g100.00l0o253 MOOp06969r2007-07-10v100.00w2005-05-24yBK c4461d4461